000 03853cam a2200373 i 4500
001 17278326
003 CEME
005 20210628201605.0
008 120430t20122012enka b 001 0 eng
010 _a 2012016776
020 _a9781119974062 (hardback)
020 _a1119974062 (hardback)
040 _aDLC
_beng
_cDLC
_erda
_dDLC
042 _apcc
050 0 0 _aTA418.9.C6
_bM64 2012
082 0 0 _a620.1/186
_223
084 _aSCI041000
_2bisacsh
100 1 _aMohammadi, Soheil, Soheil Mohammadi
_955959
245 1 0 _aXfem fracture analysis of composites /
_cSoheil Mohammadi, University of Tehran, Iran.
300 _axxvii, 371 pages :
_billustrations ;
_c26 cm
504 _aIncludes bibliographical references (pages 349-361) and index.
505 0 _aIntroduction. -- 1.1 Composite structures. -- 1.2 Failure of composites. -- 1.3 Crack analysis. -- 1.4 Analytical solutions for composites. -- 1.5 Numerical techniques. -- 1.6 Scope of the book. -- Fracture Mechanics, a Review. -- 2.1 Introduction. -- 2.2 Basics of elasticity. -- 2.3 Basics of LEFM. -- 2.4 stress intensity factor. -- 2.5 Classical solution procedures for K and G. -- 2.6 Quarter point singular elements. -- 2.7 J integral. -- 2.8 Elastoplastic fracture mechanics (EPFM). -- Extended Finite Element Method. -- 3.1 Introduction. -- 3.2 Historic development of XFEM. -- 3.3 Enriched approximations. -- 3.4 XFEM formulation. -- 3.5 XFEM strong discontinuity enrichments. -- 3.6 XFEM weak discontinuity enrichments. -- 3.7 XFEM crack tip enrichments. -- 3.8 Transition from standard to enriched approximation. -- 3.9 Tracking moving boundaries. -- 3.10 Numerical simulations. -- Static Fracture Analysis of Composites.
505 0 _a4.1 Introduction. -- 4.2 Anisotropic elasticity. -- 4.3 Analytical solutions for near crack tip. -- 4.4 Orthotropic mixed mode fracture. -- 4.5 Anisotropic XFEM. -- 4.6 Numerical simulations. -- Dynamic Fracture Analysis of Composites. -- 5.1 Introduction. -- 5.2 Analytical solutions for near crack tips in dynamic states. -- 5.3 Dynamic stress intensity factors. -- 5.4 Dynamic XFEM. -- 5.5 Numerical simulations. -- Fracture Analysis of Functionally Graded Materials. -- 6.1 Introduction. -- 6.2 Analytical solution for near crack tip. -- 6.3 Stress intensity factor. -- 6.4 Crack propagation in FGM composites. -- 6.5 Inhomogeneous XFEM. -- 6.6 Numerical examples. -- Delamination/Interlaminar Crack Analysis. -- 7.1 Introduction. -- 7.2 Fracture mechanics for bimaterial interface cracks. -- 7.3 Stress intensity factors for interlaminar cracks. -- 7.4 Delamination propagation. -- 7.5 Bimaterial XFEM. -- 7.6 Numerical examples. -- New Orthotropic Frontiers. -- 8.1 Introduction. -- 8.2 Orthotropic XIGA. -- 8.3 Orthotropic dislocation dynamics. -- 8.4 Other anisotropic applications. -- References. -- Index.
520 _a"This book describes the basics and developments of the new XFEM approach to fracture analysis of structures and materials, providing state of the art techniques and algorithms for fracture analysis of structures. It offers numeric examples at the end of each chapter, as well as an accompanying website, which will include MATLAB resources, executables, data files, and simulation procedures of XFEM"--
650 0 _aComposite materials
_xFracture.
_955960
650 0 _aComposite materials
_xFatigue.
_940853
650 0 _aFracture mechanics.
_91528
650 0 _aFinite element method.
_91938
650 7 _aSCIENCE / Mechanics / General.
_2bisacsh
_910009
856 4 2 _3Publisher description
_uhttp://www.loc.gov/catdir/enhancements/fy1210/2012016776-d.html
856 4 1 _3Table of contents only
_uhttp://www.loc.gov/catdir/enhancements/fy1210/2012016776-t.html
856 4 2 _3Contributor biographical information
_uhttp://www.loc.gov/catdir/enhancements/fy1301/2012016776-b.html
942 _2ddc
_cBK
999 _c566545
_d566545